000 00367nam a2200145Ia 4500
008 150201s2005 xx 000 0 und d
082 _a610
_bO2005G
100 _aGHOM,ANIL GOVINDRAO
245 _aTEXT BOOK OF ORAL MEDICINE
250 _a1ST
260 _bJAYPEE MEDICAL PUBLISHER
_aDELHI
_c2005
300 _a1-1022
650 _aORAL MEDICINE
942 _2ddc
_cBK
_09
999 _c3081
_d3081